书目信息 |
| 题名: |
中国创新管理缺什么
|
|
| 作者: | 李德江 主编 | |
| 分册: | ||
| 出版信息: | 北京 科学技术文献出版社 2015 |
|
| 页数: | 190页 | |
| 开本: | 26cm | |
| 丛书名: | ||
| 单 册: | ||
| 中图分类: | F204 | |
| 科图分类: | ||
| 主题词: | 国家创新系统--研究--中国 | |
| 电子资源: | ||
| ISBN: | 978-7-5189-0768-7 | |
| 000 | 00842nam0 2200241 450 | |
| 001 | 2353631169 | |
| 005 | 20231219145418.53 | |
| 010 | @a978-7-5189-0768-7@dCNY 58.00 | |
| 100 | @a20160531d2015 em y0chiy0120 ea | |
| 101 | 0 | @achi |
| 102 | @aCN@b110000 | |
| 105 | @aa z 000yy | |
| 200 | 1 | @a中国创新管理缺什么@Azhong guo chuang xin guan li que shen me@f李德江主编 |
| 210 | @a北京@c科学技术文献出版社@d2015 | |
| 215 | @a190页@c照片@d26cm | |
| 312 | @a封面英文题名:Chinese management | |
| 330 | @a本书内容包括:中国人应当走自己的路、中国创新型城市的管理、消法保护让百姓受益、中国高职教育创新发展、中国租赁业创新发展等共十章。 | |
| 510 | 1 | @aChinese management@zeng |
| 606 | 0 | @a国家创新系统@x研究@y中国 |
| 690 | @aF204@v5 | |
| 701 | 0 | @a李德江@Ali de jiang@c(管理)@4主编 |
| 801 | 2 | @aCN@b辽宁北配@c20231205 |
| 905 | @aBZT@dF204@e31 | |
| 中国创新管理缺什么/李德江主编.-北京:科学技术文献出版社,2015 |
| 190页:照片;26cm |
| ISBN 978-7-5189-0768-7:CNY 58.00 |
| 本书内容包括:中国人应当走自己的路、中国创新型城市的管理、消法保护让百姓受益、中国高职教育创新发展、中国租赁业创新发展等共十章。 |
| ● |
| 相关链接 |
|
|
|
正题名:中国创新管理缺什么
索取号:F204/31
 
预约/预借
| 序号 | 登录号 | 条形码 | 馆藏地/架位号 | 状态 | 备注 |
| 1 | 2001640437 | 2001640437 | 辽三/辽宁北配(第三批)/2925/ [索取号:F204/31] | 在馆 | |
| 2 | 2001640438 | 2001640438 | 辽三/辽宁北配(第三批)/2925/ [索取号:F204/31] | 在馆 | |
| 3 | 2001640439 | 2001640439 | 辽三/辽宁北配(第三批)/2925/ [索取号:F204/31] | 在馆 | |
| 4 | 2001640440 | 2001640440 | 辽三/辽宁北配(第三批)/2925/ [索取号:F204/31] | 在馆 | |
| 5 | 2001640441 | 2001640441 | 辽三/辽宁北配(第三批)/2925/ [索取号:F204/31] | 在馆 | |
| 6 | 2001640442 | 2001640442 | 辽三/辽宁北配(第三批)/2925/ [索取号:F204/31] | 在馆 | |
| 7 | 2001640443 | 2001640443 | 辽三/辽宁北配(第三批)/2925/ [索取号:F204/31] | 在馆 | |
| 8 | 2001640444 | 2001640444 | 辽三/辽宁北配(第三批)/2925/ [索取号:F204/31] | 在馆 | |
| 9 | 2001640445 | 2001640445 | 辽三/辽宁北配(第三批)/2925/ [索取号:F204/31] | 在馆 | |
| 10 | 2001640446 | 2001640446 | 辽三/辽宁北配(第三批)/2925/ [索取号:F204/31] | 在馆 | |
| 11 | 2001640447 | 2001640447 | 辽三/辽宁北配(第三批)/2925/ [索取号:F204/31] | 在馆 | |
| 12 | 2001640448 | 2001640448 | 辽三/辽宁北配(第三批)/2925/ [索取号:F204/31] | 在馆 | |
| 13 | 2001640449 | 2001640449 | 辽三/辽宁北配(第三批)/2926/ [索取号:F204/31] | 在馆 | |
| 14 | 2001640450 | 2001640450 | 辽三/辽宁北配(第三批)/2926/ [索取号:F204/31] | 在馆 | |
| 15 | 2001640451 | 2001640451 | 辽三/辽宁北配(第三批)/2926/ [索取号:F204/31] | 在馆 | |
| 16 | 2001640452 | 2001640452 | 辽三/辽宁北配(第三批)/2926/ [索取号:F204/31] | 在馆 | |
| 17 | 2001640453 | 2001640453 | 辽三/辽宁北配(第三批)/2926/ [索取号:F204/31] | 在馆 | |
| 18 | 2001640454 | 2001640454 | 辽三/辽宁北配(第三批)/2926/ [索取号:F204/31] | 在馆 | |
| 19 | 2001640455 | 2001640455 | 辽三/辽宁北配(第三批)/2926/ [索取号:F204/31] | 在馆 | |
| 20 | 2001640456 | 2001640456 | 辽三/辽宁北配(第三批)/2926/ [索取号:F204/31] | 在馆 | |
| 21 | 2001640457 | 2001640457 | 辽三/辽宁北配(第三批)/2926/ [索取号:F204/31] | 在馆 | |
| 22 | 2001640458 | 2001640458 | 辽三/辽宁北配(第三批)/2926/ [索取号:F204/31] | 在馆 | |
| 23 | 2001640459 | 2001640459 | 辽三/辽宁北配(第三批)/2926/ [索取号:F204/31] | 在馆 | |
| 24 | 2001640460 | 2001640460 | 辽三/辽宁北配(第三批)/2926/ [索取号:F204/31] | 在馆 | |
| 25 | 2001640461 | 2001640461 | 辽三/辽宁北配(第三批)/2926/ [索取号:F204/31] | 在馆 | |
| 26 | 2001640462 | 2001640462 | 辽三/辽宁北配(第三批)/2926/ [索取号:F204/31] | 在馆 | |
| 27 | 2001640463 | 2001640463 | 辽三/辽宁北配(第三批)/2926/ [索取号:F204/31] | 在馆 | |
| 28 | 2001640464 | 2001640464 | 辽三/辽宁北配(第三批)/2926/ [索取号:F204/31] | 在馆 | |
| 29 | 2001640465 | 2001640465 | 辽三/辽宁北配(第三批)/2926/ [索取号:F204/31] | 在馆 | |
| 30 | 2001640466 | 2001640466 | 辽三/辽宁北配(第三批)/2926/ [索取号:F204/31] | 在馆 |